<?xml version="1.0" encoding="UTF-8"?>
<record
    xmlns:xsi="http://www.w3.org/2001/XMLSchema-instance"
    xsi:schemaLocation="http://www.loc.gov/MARC21/slim http://www.loc.gov/standards/marcxml/schema/MARC21slim.xsd"
    xmlns="http://www.loc.gov/MARC21/slim">

  <leader>01007nam a22002057a 4500</leader>
  <controlfield tag="003">OSt</controlfield>
  <controlfield tag="005">20260408095308.0</controlfield>
  <controlfield tag="008">260408b        |||||||| |||| 00| 0 spa d</controlfield>
  <datafield tag="082" ind1=" " ind2=" ">
    <subfield code="2">9789875222762.</subfield>
  </datafield>
  <datafield tag="100" ind1=" " ind2=" ">
    <subfield code="a">Carlos Alberto Campos Salv&#xE1;.</subfield>
  </datafield>
  <datafield tag="245" ind1=" " ind2=" ">
    <subfield code="a">Diccionario Michigan (Espa&#xF1;ol-Ingl&#xE9;s / Ingl&#xE9;s-Espa&#xF1;ol)</subfield>
  </datafield>
  <datafield tag="250" ind1=" " ind2=" ">
    <subfield code="a">1ra edici&#xF3;n </subfield>
  </datafield>
  <datafield tag="260" ind1=" " ind2=" ">
    <subfield code="a">buenos aires </subfield>
    <subfield code="b">visor E.A.S.A..</subfield>
    <subfield code="c">2006</subfield>
  </datafield>
  <datafield tag="300" ind1=" " ind2=" ">
    <subfield code="a">230 PAG</subfield>
    <subfield code="c">25X23 CM</subfield>
  </datafield>
  <datafield tag="490" ind1=" " ind2=" ">
    <subfield code="3">Papel de gramaje est&#xE1;ndar </subfield>
  </datafield>
  <datafield tag="520" ind1=" " ind2=" ">
    <subfield code="a">El libro funciona como un diccionario biling&#xFC;e bidireccional. Su objetivo es facilitar la traducci&#xF3;n y comprensi&#xF3;n de t&#xE9;rminos b&#xE1;sicos y cotidianos entre el espa&#xF1;ol y el ingl&#xE9;s, proporcionando equivalencias directas, categor&#xED;as gramaticales (sustantivo, verbo, adjetivo) y, en muchos casos, ejemplos de uso o frases idiom&#xE1;ticas.</subfield>
  </datafield>
  <datafield tag="650" ind1=" " ind2=" ">
    <subfield code="a">Secci&#xF3;n Ingl&#xE9;s - Espa&#xF1;ol ,Secci&#xF3;n Espa&#xF1;ol - Ingl&#xE9;s</subfield>
    <subfield code="v">Gu&#xED;a de Pronunciaci&#xF3;n , Abreviaturas</subfield>
  </datafield>
  <datafield tag="700" ind1=" " ind2=" ">
    <subfield code="a">Carlos Alberto Campos Salv&#xE1;</subfield>
  </datafield>
  <datafield tag="942" ind1=" " ind2=" ">
    <subfield code="2">ddc</subfield>
    <subfield code="c">BKA</subfield>
    <subfield code="e">1</subfield>
    <subfield code="n">0</subfield>
  </datafield>
  <datafield tag="952" ind1=" " ind2=" ">
    <subfield code="0">0</subfield>
    <subfield code="1">0</subfield>
    <subfield code="2">ddc</subfield>
    <subfield code="4">0</subfield>
    <subfield code="7">0</subfield>
    <subfield code="8">E03</subfield>
    <subfield code="a">ISUS</subfield>
    <subfield code="b">ISUS</subfield>
    <subfield code="c">Biblioteca Abierta</subfield>
    <subfield code="d">2026-04-08</subfield>
    <subfield code="e">IDIOMAS </subfield>
    <subfield code="f">0477</subfield>
    <subfield code="i">0477</subfield>
    <subfield code="l">0</subfield>
    <subfield code="o">INGLES </subfield>
    <subfield code="p">IDIOMA0477</subfield>
    <subfield code="r">2026-04-08 09:54:57</subfield>
    <subfield code="t">1</subfield>
    <subfield code="w">2026-04-08</subfield>
    <subfield code="y">BKA</subfield>
  </datafield>
  <datafield tag="999" ind1=" " ind2=" ">
    <subfield code="c">2053</subfield>
    <subfield code="d">2053</subfield>
  </datafield>
</record>
